|
|
|
|
| LEADER |
00000naa0a2200000 4500 |
| 001 |
652445 |
| 005 |
20250902121823.0 |
| 035 |
|
|
|a (RuTPU)RU\TPU\network\17755
|
| 035 |
|
|
|a RU\TPU\network\16568
|
| 090 |
|
|
|a 652445
|
| 100 |
|
|
|a 20161226d2016 k||y0rusy50 ca
|
| 101 |
0 |
|
|a rus
|
| 102 |
|
|
|a RU
|
| 135 |
|
|
|a drcn ---uucaa
|
| 181 |
|
0 |
|a i
|
| 182 |
|
0 |
|a b
|
| 200 |
1 |
|
|a Влияние группового состава вакуумного дистиллята из тяжелой казахстанской и Западно-Сибирской нефти на выход светлых нефтепродуктов в технологии каталитического крекинга
|f Г. Ю. Назарова [и др.]
|
| 203 |
|
|
|a Текст
|c электронный
|
| 225 |
1 |
|
|a Химическая технология
|
| 300 |
|
|
|a Заглавие с экрана
|
| 320 |
|
|
|a [Библиогр.: с. 43 (2 назв.)]
|
| 463 |
|
1 |
|t Техника и технология нефтехимического и нефтегазового производства
|o материалы 6-й международной научно-технической конференции, 25-30 апреля 2016 г., Омск
|f Омский государственный технический университет (ОмГТУ), Нефтехимический институт (НХИ) ; Российская академия наук (РАН), Сибирское отделение (СО), Институт проблем переработки углеводородов
|v [С. 42-43]
|d 2016
|
| 610 |
1 |
|
|a электронный ресурс
|
| 610 |
1 |
|
|a труды учёных ТПУ
|
| 610 |
1 |
|
|a групповой состав
|
| 610 |
1 |
|
|a дистилляты
|
| 610 |
1 |
|
|a тяжелая нефть
|
| 610 |
1 |
|
|a светлые нефтепродукты
|
| 610 |
1 |
|
|a каталитический крекинг
|
| 610 |
1 |
|
|a Казахстан
|
| 610 |
1 |
|
|a Западная Сибирь
|
| 701 |
|
1 |
|a Назарова
|b Г. Ю.
|c химик
|c ассистент Томского политехнического университета, лаборант
|f 1990-
|g Галина Юрьевна
|3 (RuTPU)RU\TPU\pers\35533
|9 18715
|
| 701 |
|
1 |
|a Иванчина
|b Э. Д.
|c химик
|c профессор Томского политехнического университета, доктор технических наук
|f 1951-
|g Эмилия Дмитриевна
|3 (RuTPU)RU\TPU\pers\24966
|
| 701 |
|
1 |
|a Ивашкина
|b Е. Н.
|c химик-технолог
|c профессор Томского политехнического университета, доктор технических наук
|f 1983-
|g Елена Николаевна
|3 (RuTPU)RU\TPU\pers\24965
|9 11119
|
| 701 |
|
1 |
|a Сейтенова
|b Г. Ж.
|
| 712 |
0 |
2 |
|a Национальный исследовательский Томский политехнический университет (ТПУ)
|b Институт природных ресурсов (ИПР)
|b Кафедра химической технологии топлива и химической кибернетики (ХТТ)
|3 (RuTPU)RU\TPU\col\18665
|
| 801 |
|
1 |
|a RU
|b 63413507
|c 20141010
|
| 801 |
|
2 |
|a RU
|b 63413507
|c 20170209
|g RCR
|
| 856 |
4 |
|
|u http://oge.omgtu.ru/2016/files/OGE-2016_t.pdf#page=42
|
| 942 |
|
|
|c CF
|